000 00494nam a22001937a 4500
003 MPLRDC
005 20220104142540.0
008 210129b ||||| |||| 00| 0 eng d
020 _a7-5035-1138-9
082 _a628.86 ZSY
100 _a张胜友
245 _a穿越历史隧道的中国
_c
250 _a一版一刷
260 _a
_b中共中央党校出版社
_c1995
300 _b
490 _a穿山甲丛书
650 _a中国现代史; 民国史
942 _cBK
_o628.86 ZSY
999 _c31770
_d31760